| 000 | 00667cam a22002297a 4500 | ||
|---|---|---|---|
| 003 | CHAP | ||
| 005 | 20220329141438.0 | ||
| 008 | 971013s r 00010 d | ||
| 010 | _a68250 | ||
| 011 | _a69222 | ||
| 035 | _a78697 | ||
| 040 | _cCHAP | ||
| 100 | 0 | 0 |
_aGlesinger, Egon. _948277 |
| 245 | 1 | 3 | _aEl porvenir de la madera |
| 500 | _aSobretiro de : Glesinger, Egon. The coming age of wood. New York : Simon and Schuster, 1949. pp. 3-11 | ||
| 590 |
_aBATCH-UPD _b10 _c20130110 _lUCH01 _h1513 |
||
| 590 |
_aCONVERSION _b10 _c20130109 _lUCH01 _h1338 |
||
| 650 | 1 | 4 |
_aMadera. _969594 |
| 901 | _aBK | ||
| 942 | _cREIMP | ||
| 949 |
_bBC _cR _d-31572 _eTS1 _i78697 _mD _si |
||
| 999 |
_c68250 _d68250 |
||